| Поле | Название | Значение |
| |
Тип записи |
a |
| |
Библиографический уровень |
m |
| 001 |
Контрольный номер |
RU/IS/BASE/230918957 |
| 005 |
Дата корректировки |
20210319095147.0 |
| 010 |
Индекс ISBN |
__ |
| a |
ISBN |
5-314-00008-3 |
| d |
Цена |
24-09 |
| 101 |
Язык документа |
0_ |
| a |
Язык текста |
rus |
| 200 |
Заглавие и сведения об ответственности |
1_ |
| a |
Заглавие |
Чистка кишечника в домашних условиях |
| f |
Первые сведения об ответственности |
Е. Щадилов |
| 210 |
Выходные данные |
1_ |
| a |
Место издания |
СПб. |
| c |
Издательство |
Питер |
| d |
Дата издания |
2005 |
| 215 |
Физическое описание |
__ |
| a |
Объем |
184, [8] с. |
| 225 |
Серия (Журнальная рубрика) |
2_ |
| a |
Серия (Журнальная рубрика) |
Исцели себя сам |
| 318 |
Примечание о действии |
__ |
| a |
Действие |
п |
| 330 |
Аннотация |
__ |
| a |
Аннотация |
Всем нам хочется быть здоровыми, а для этого необходимо прежде всего поддерживать чистоту нашей "внутренней среды". Автор, медик с большим практическим опытом, сам излечившийся от тяжелого недуга путем очищения организма от шлаков. |
| 606 |
Тематические рубрики |
__ |
| a |
Основная рубрика |
медицина |
| 608 |
Указатель предметных рубрик |
__ |
| a |
Жанр/форма |
научно-популярное издание |
| 610 |
Ключевые слова |
0_ |
| a |
Ключевые слова |
медицина народная |
| a |
Ключевые слова |
болезнь кишечника |
| a |
Ключевые слова |
очищения организма от шлаков |
| a |
Ключевые слова |
чистка кишечника |
| 686 |
Индексы других классификаций |
__ |
| a |
Индекс ББК |
53.59 |
| 700 |
Автор |
_1 |
| a |
Фамилия |
Щадилов |
| b |
Имя |
Е. |
| 801 |
Источник записи |
_0 |
| a |
Страна |
RU |
| b |
Организация |
ЦРБ, Белый Яр |
| g |
Правила каталогизации |
ОКиО/Зайцева |
| 801 |
Источник записи |
_1 |
| a |
Страна |
RU |
| b |
Организация |
ЦРБ, Белый Яр |
| g |
Правила каталогизации |
ОКиО/Зайцева |
| 852 |
Данные о местонахождении |
__ |
| j |
Шифр хранения |
53.59 |
| i |
Авторский знак |
Щ 172 |
| p |
Инвентарный номер |
71436 |
| b |
Сигла хранения |
ООЧ |
| 901 |
Тип документа |
__ |
| t |
Тип документа |
m |
| 905 |
Дата создания БЗ |
__ |
| a |
Дата создания БЗ |
2007.04.26 |
| 990 |
Данные о заказе (DOS) |
__ |
| j |
Количество экземпляров (DOS) |
1 |
| h |
N записи в КСУ для Б/У (DOS) |
2007-3 |